Statistics for Top Five North & South American Countries by Category #1

Click here to take the quiz!

General Stats

  • This quiz has been taken 13,112 times
  • The average score is 19 of 22

Answer Stats

CategoryCountry% Correct
Biggest Area (1), Biggest Economy (4), Driest (1)Canada
100%
Biggest Area (2), Biggest Population (1), Biggest Economy (1), Driest (3)United States
100%
Biggest Area (4), Biggest Population (5), Biggest Economy (5), Most Elevated (1), Driest (2)Argentina
99%
Biggest Area (3), Biggest Population (2), Biggest Economy (2)Brazil
99%
Biggest Area (5), Biggest Population (3), Biggest Economy (3), Driest (4)Mexico
99%
Most Elevated (2)Chile
96%
Biggest Population (4), Wettest (1)Colombia
95%
Most Elevated (3)Peru
94%
Most Elevated (4)Bolivia
90%
Most Elevated (5)Ecuador
88%
Wettest (2)Panama
87%
Most Densely Populated (2)Haiti
86%
Driest (5)Paraguay
85%
Smallest Area (1)Saint Kitts and Nevis
84%
Most Densely Populated (3)Saint Lucia
84%
Wettest (3)Costa Rica
83%
Smallest Area (4), Most Densely Populated (1)Barbados
82%
Wettest (4)Guyana
81%
Smallest Area (3)Saint Vincent and the Grenadines
81%
Most Densely Populated (5)El Salvador
80%
Smallest Area (5)Antigua and Barbuda
78%
Smallest Area (2), Most Densely Population (4), Wettest (5)Grenada
77%

Score Distribution

Percentile by Number Answered

Percent of People with Each Score

Your Score History

You have not taken this quiz